[Event "OHS 2012"]
[Site "Herne"]
[Date "2012.03.13"]
[Round "5"]
[White "Melmer, Felix"]
[Black "Nebel, Uwe"]
[Result "0-1"]
[PlyCount "66"]
[WhiteElo "1949"]
[BlackElo "1852"]

1. f4 d5 2. Nf3 c5 3. e3 Nf6 4. Be2 Nc6 5. O-O g6 6. d3 Bg7 7. Nc3 O-O 8. Ne5
Nxe5 9. fxe5 Nd7 10. Nxd5 e6 11. Nf6+ Nxf6 12. exf6 Bxf6 13. Bf3 Rb8 14. Kh1 b6
15. e4 Bg5 16. Qe1 Bxc1 17. Rxc1 e5 18. Qg3 f6 19. h4 Qd6 20. h5 Kg7 21. Bg4
Be6 22. Rf3 g5 23. h6+ Kg6 24. Rcf1 Rbe8 25. Bh5+ Kxh5 26. Rxf6 Rxf6 27. Rxf6
g4 28. Qf2 Rg8 29. g3 Kg5 30. Qf1 Rg6 31. Rf8 Kxh6 32. Qc1+ Kg7 33. Rf2 Qe7 0-1

[Event "OHS 2012"]
[Site "Herne"]
[Date "2012.03.13"]
[Round "5"]
[White "Kracht, Joachim"]
[Black "Patzer, Jörg"]
[Result "0-1"]
[PlyCount "26"]
[WhiteElo "1688"]
[BlackElo "1948"]

1. e4 d6 2. Nc3 g6 3. f4 Bg7 4. Nf3 Nf6 5. Bc4 c6 6. Bb3 b5 7. a3 a5 8. d3 Na6
9. O-O Nc5 10. Ba2 Qb6 11. Kh1 O-O 12. Qe1 b4 13. axb4 axb4 0-1 {Lxf7+ Kxf7 15.
Txa8 bxc3 16. bxc3 Qb7 17. Ra1 Kg8 18. e5 Nd5 19. d4 Na6 20. Ng5 Bf5 21. Qd2
Qb5 22. Ba3 dxe5 23. fxe5 Bh6 24. h4 Nc7 25. Rfb1 Qc4 26. Bb4 Nb5 27. Rb3 Be4
28. Re1 Bf5 29. Kf2 Nxb4 30. Rxb4 Qd5 31. Re3 Na3 32. c4 Nxc4 33. Rxc4 Qxc4 34.
Rc3 Qd5 35. Rc5 Qd7 36. Qc3 Bxg5 37. hxg5 Be4}

[Event "OHS 2012"]
[Site "Herne"]
[Date "2012.03.13"]
[Round "5"]
[White "Funke, Eckhard"]
[Black "Schäfer, Michael"]
[Result "1/2-1/2"]
[PlyCount "61"]
[WhiteElo "1896"]
[BlackElo "1599"]

1. d4 Nf6 2. c4 c5 3. d5 b5 4. cxb5 a6 5. bxa6 d6 6. Nc3 Bxa6 7. e4 Bxf1 8.
Kxf1 g6 9. h4 h5 10. Nge2 Nbd7 11. Rh3 Bg7 12. Rb1 Qa5 13. Bd2 Qa6 14. Qc2 O-O
15. b3 Ng4 16. Qd3 Qa7 17. Be3 Nde5 18. Qd2 Nxe3+ 19. Qxe3 Ng4 20. Qd2 c4 21.
Qe1 Rfc8 22. bxc4 Rxc4 23. Rd3 Rac8 24. Nb5 Qc5 25. a4 Rxa4 26. Ng3 Ra2 27. Rd2
Rxd2 28. Qxd2 Qc2 29. Rd1 Bh6 30. Qxc2 Rxc2 31. Nh1 1/2-1/2

[Event "OHS 2012"]
[Site "Herne"]
[Date "2012.03.13"]
[Round "5"]
[White "Kempken, Reinhold"]
[Black "Gorzinski, Dariusz"]
[Result "0-1"]
[PlyCount "42"]
[WhiteElo "1610"]
[BlackElo "1890"]

1. e4 c6 2. d4 d5 3. Nc3 dxe4 4. f3 Nf6 5. fxe4 e5 6. Nf3 exd4 7. Nxd4 Bb4 8.
Bg5 Bxc3+ 9. bxc3 Qa5 10. Bxf6 Qxc3+ 11. Kf2 gxf6 12. Rb1 Qc5 13. Be2 Nd7 14.
Bg4 Ne5 15. Bxc8 Rxc8 16. Rb3 Rd8 17. c3 Rg8 18. h3 Qc4 19. Qf1 Rxd4 20. cxd4
Qxd4+ 21. Ke1 Qa1+ 0-1

[Event "OHS 2012"]
[Site "Herne"]
[Date "2012.03.13"]
[Round "5"]
[White "Donin, Oleksandr"]
[Black "Wenzel, Martin"]
[Result "0-1"]
[PlyCount "66"]
[WhiteElo "1577"]
[BlackElo "1813"]

1. d4 Nf6 2. c4 g6 3. Nf3 Bg7 4. Bg5 Ne4 5. Bf4 c5 6. e3 Qa5+ 7. Nbd2 Nc6 8.
Be5 Nxe5 9. dxe5 d6 10. Bd3 Nxd2 11. Qxd2 Qxd2+ 12. Kxd2 dxe5 13. Kc2 Bd7 14.
Rad1 O-O-O 15. h3 Bc6 16. e4 Rd7 17. g4 Rhd8 18. h4 Rxd3 19. Rxd3 Bxe4 20. Rd1
Rxd3 21. Rxd3 Bxd3+ 22. Kxd3 f5 23. gxf5 gxf5 24. Kc2 e4 25. Ng5 Bf6 26. f4
Bxg5 27. fxg5 Kd8 28. h5 Ke8 29. Kd2 f4 30. Ke2 Kf7 31. Kf2 Ke6 32. Ke2 Kf5 33.
g6 Kf6 0-1

[Event "OHS 2012"]
[Site "Herne"]
[Date "2012.03.13"]
[Round "5"]
[White "Pohl, Martin"]
[Black "Selmanaj, Agim"]
[Result "1-0"]
[PlyCount "25"]
[WhiteElo "1687"]
[BlackElo "1529"]

1. c4 e5 2. g3 Bc5 3. Bg2 d6 4. a3 a6 5. e3 c6 6. Nc3 Ba7 7. Nge2 Ne7 8. b3 Ng6
9. Bb2 Bf5 10. O-O Qc8 11. f4 Bh3 12. Ne4 Ke7 13. fxe5 1-0 {Le6 14. exd6+ Kf7
15. Nf4 Nxf4 16. Rxf4 h6 17. Qh5+ Kg8 18. Qe5 Rh7 19. Raf1 Nd7 20. Qh5 Qe7 21.
d4 g6 22. Qe2 Bb6 23. Nc3 h5 24. h3 f5 25. d5 Bf7 26. Re1 c5 27. e4 fxe4 28.
Rxe4 Qf8 29. Re7 Nf6 30. Na4 Ba5 31. Rf1 Ne8 32. Nxc5 Bb6 33. b4 Nxd6 34. Kh1
Nf5 35. Rxf5 gxf5 36. Nd7 Qh6 37. Nf6+ Kf8 38. Nxh7+ Qxh7 39. Rxb7 Re8 40. Qd1
Bf2 41. Bc3 Bxg3 42. c5 f4 43. d6 Re3 44. Rb8+ Re8 45. Rxe8+ Bxe8 46. c6 Qf5
47. d7 f3 48. Qxf3}

[Event "OHS 2012"]
[Site "Herne"]
[Date "2012.03.13"]
[Round "5"]
[White "Markert, Dirk"]
[Black "Nagel, Frank"]
[Result "1/2-1/2"]
[PlyCount "157"]
[WhiteElo "1963"]
[BlackElo "1627"]

1. e4 d5 2. exd5 Qxd5 3. Nf3 Nf6 4. d4 Bg4 5. Be2 e6 6. c4 Qa5+ 7. Bd2 Bb4 8.
Nc3 c6 9. a3 Bxc3 10. Bxc3 Qd8 11. Qc2 Bf5 12. Qb3 Qb6 13. Qa4 Nbd7 14. O-O O-O
15. Rfe1 h6 16. Rad1 Qc7 17. h3 Ne4 18. Qb3 Ndf6 19. Ne5 a5 20. a4 Rfd8 21. Bf3
Ng5 22. d5 Nxf3+ 23. Nxf3 cxd5 24. Bxf6 gxf6 25. cxd5 Bc2 26. Rc1 Bxb3 27. Rxc7
Bxd5 28. Rec1 Bc6 29. Rc5 Rd1+ 30. Kh2 e5 31. Nh4 Rd2 32. Nf5 Rxf2 33. Ne7+ Kg7
34. Nxc6 bxc6 35. Rb7 e4 36. Rxc6 e3 37. Rcc7 Rf8 38. Kg3 f5 39. Re7 f4+ 40.
Kg4 h5+ 41. Kf5 f3 42. gxf3 Rxf3+ 43. Ke4 Rxh3 44. Kd3 Rd8+ 45. Rbd7 Rxd7+ 46.
Rxd7 e2+ 47. Kxe2 Rh2+ 48. Kf3 Rxb2 49. Rd5 Rb3+ 50. Kg2 Rb2+ 51. Kf3 Rb4 52.
Rxa5 Kg6 53. Ra8 Rb3+ 54. Kg2 Rb2+ 55. Kg3 Kg5 56. Ra5+ f5 57. Ra8 h4+ 58. Kh3
Rb3+ 59. Kh2 Kf4 60. Rd8 Ra3 61. Rd4+ Kg5 62. Rb4 f4 63. Rb8 Rxa4 64. Rg8+ Kf5
65. Rb8 Kg4 66. Rg8+ Kf5 67. Rb8 f3 68. Kh3 Kf4 69. Kxh4 Ra7 70. Rb4+ Ke3 71.
Rb3+ Kf2 72. Rb2+ Kg1 73. Rb1+ Kg2 74. Rb8 Rf7 75. Rb2+ Kf1 76. Kg3 Ke1 77.
Rb1+ Kd2 78. Kf2 Kd3 79. Rb3+ 1/2-1/2

[Event "OHS 2012"]
[Site "Herne"]
[Date "2012.03.13"]
[Round "5"]
[White "Kowalczyk, Frank"]
[Black "Odenwald, Andreas"]
[Result "1-0"]
[PlyCount "61"]
[WhiteElo "1798"]
[BlackElo "1609"]

1. e4 e5 2. Nf3 Nc6 3. Bc4 Nf6 4. d3 Bc5 5. O-O d5 6. exd5 Nxd5 7. h3 Nb6 8.
Bb3 Bd6 9. Nc3 Be6 10. Ne4 Be7 11. Bd2 Nd5 12. Qe2 h6 13. Nc3 Nd4 14. Nxd4 exd4
15. Nxd5 Bxd5 16. Bxd5 Qxd5 17. Rfe1 Qd6 18. Bf4 Qd7 19. Qe4 c5 20. Re2 Rc8 21.
Rae1 O-O 22. Qxe7 Qb5 23. b3 Qa6 24. a4 Rc6 25. Qd7 b5 26. axb5 Qxb5 27. Re8
Rxe8 28. Rxe8+ Kh7 29. Qxf7 Rf6 30. Qg8+ Kg6 31. Be5 1-0

[Event "OHS 2012"]
[Site "Herne"]
[Date "2012.03.13"]
[Round "5"]
[White "Deutschmann, Jürgen"]
[Black "Kamper, Marco"]
[Result "1/2-1/2"]
[PlyCount "96"]
[WhiteElo "1476"]
[BlackElo "1785"]

1. f4 d5 2. Nf3 Nf6 3. d3 c5 4. g3 Nc6 5. Bg2 g6 6. Na3 Bg7 7. c3 O-O 8. O-O d4
9. e4 Rb8 10. Bd2 b5 11. Nc2 dxc3 12. bxc3 Qxd3 13. Nfe1 Qd7 14. Be3 Qxd1 15.
Rxd1 Bg4 16. Rd2 Nd7 17. e5 Na5 18. Nf3 Nc4 19. Rdd1 Nxe3 20. Nxe3 Bxf3 21.
Rxd7 Bxg2 22. Kxg2 e6 23. Rfd1 a5 24. Nc2 f6 25. exf6 Bxf6 26. Rc7 Rfd8 27.
Rdd7 Rxd7 28. Rxd7 Rd8 29. Rxd8+ Bxd8 30. Na3 b4 31. cxb4 cxb4 32. Nc4 a4 33.
Kf2 Bf6 34. Ke2 b3 35. axb3 axb3 36. Kd1 Kf8 37. Nd2 b2 38. Kc2 e5 39. fxe5
Bxe5 40. Nc4 $11 Bd4 41. Nxb2 Bxb2 42. Kxb2 Ke7 43. Kc3 Kf6 44. Kd4 Kf5 45. h3
h5 46. Ke3 g5 47. Kd4 h4 48. gxh4 g4 1/2-1/2

[Event "OHS 2012"]
[Site "Herne"]
[Date "2012.03.13"]
[Round "5"]
[White "Drees, Helmut"]
[Black "Schicktanz, Florian"]
[Result "0-1"]
[PlyCount "56"]
[WhiteElo "1680"]
[BlackElo "1488"]

1. d4 d5 2. c4 Nf6 3. cxd5 Qxd5 4. Nc3 Qa5 5. Bd2 c6 6. Nf3 e6 7. a3 Be7 8. e4
Qd8 9. b4 b6 10. e5 Nd5 11. Nxd5 exd5 12. Rc1 Bb7 13. Bd3 Nd7 14. Be3 a5 15.
Qb3 b5 16. Bd2 a4 17. Qb1 Nb6 18. Bf4 Nc4 19. Rc3 g5 20. Bc1 g4 21. Nd2 h5 22.
h3 Qb6 23. Bxc4 bxc4 24. Bb2 Bg5 25. Qc2 Qxd4 26. Rxc4 Qxd2+ 27. Qxd2 Bxd2+ 28.
Kxd2 dxc4 0-1

[Event "OHS 2012"]
[Site "Herne"]
[Date "2012.03.13"]
[Round "5"]
[White "Barth, Hans-Joachim"]
[Black "Kümmel, Hans-Jürgen"]
[Result "1-0"]
[PlyCount "91"]
[WhiteElo "1783"]
[BlackElo "1262"]

1. e4 c5 2. Nf3 d6 3. d4 cxd4 4. Nxd4 Nf6 5. Nc3 a6 6. Be3 Ng4 7. Bg5 h6 8. Bh4
g5 9. Bg3 Nc6 10. Bc4 Bg7 11. Nce2 Nxd4 12. Nxd4 Qb6 13. Ne2 Qb4+ 14. c3 Qxc4
15. O-O O-O 16. Qc2 b5 17. h3 Nf6 18. f3 Nh5 19. Bf2 f5 20. b3 Qf7 21. Nd4 fxe4
22. Qxe4 Bf5 23. Qxf5 Bxd4 24. Qxf7+ Rxf7 25. Bxd4 Nf4 26. Rfe1 e5 27. Bf2 Rc8
28. Re3 Nd5 29. Rd3 Nxc3 30. Rxd6 Ne2+ 31. Kh2 e4 32. Rxh6 exf3 33. g3 Kg7 34.
Rxa6 g4 35. a4 bxa4 36. R6xa4 gxh3 37. Rg4+ Kf6 38. Rh4 Rc2 39. Kxh3 Rb2 40. b4
Ke6 41. Re4+ Kf5 42. Rh4 Ke6 43. Ra6+ Kd5 44. Ra5+ Ke6 45. Rh6+ Rf6 46. Ra6+
1-0

[Event "OHS 2012"]
[Site "Herne"]
[Date "2012.03.13"]
[Round "5"]
[White "Hartmann, Thomas"]
[Black "Stenzel, Gerhard"]
[Result "1-0"]
[PlyCount "69"]
[WhiteElo "1477"]
[BlackElo "1656"]

1. d4 e5 2. dxe5 Nc6 3. Nf3 Qe7 4. Nc3 Nxe5 5. Nd4 d6 6. e4 Nf6 7. Bg5 Be6 8.
Bb5+ c6 9. Ba4 Rc8 10. O-O h6 11. Bh4 g5 12. Bg3 Bg7 13. Bb3 Bxb3 14. axb3 O-O
15. Nf5 Qe6 16. Qxd6 Nh5 17. Qxe6 fxe6 18. Ne7+ Kh7 19. Nxc8 Nxg3 20. hxg3 Rxc8
21. Rxa7 Rc7 22. f3 Ng6 23. Rd1 h5 24. Kf1 Be5 25. Kf2 h4 26. gxh4 gxh4 27. Ra8
Bg3+ 28. Kf1 Rf7 29. Ne2 Be5 30. Rad8 h3 31. R8d7 h2 32. Rxf7+ Kh6 33. Kf2 Nh4
34. g3 Kg6 35. Rxb7 1-0

[Event "OHS 2012"]
[Site "Herne"]
[Date "2012.03.13"]
[Round "5"]
[White "Milk, Joshua"]
[Black "Quäschling, Udo"]
[Result "1-0"]
[PlyCount "106"]
[WhiteElo "1184"]
[BlackElo "1358"]

1. e4 e5 2. Nf3 Nc6 3. Bc4 d6 4. c3 Nf6 5. d3 Be7 6. Be3 O-O 7. Nbd2 Ng4 8. d4
Nxe3 9. fxe3 Bh4+ 10. g3 Bg5 11. Qe2 Bg4 12. h3 Bh5 13. g4 Bg6 14. h4 Be7 15.
h5 Bxe4 16. Nxe4 d5 17. Bxd5 Qxd5 18. Ned2 Bg5 19. e4 Bxd2+ 20. Kxd2 Qd7 21. d5
Rad8 22. Kc2 Ne7 23. Nxe5 Qd6 24. Nf3 Qf4 25. g5 Rfe8 26. Rh4 Qd6 27. Rd1 Nxd5
28. e5 Qc6 29. Rhd4 a5 30. c4 Qa4+ 31. Kb1 Nb4 32. a3 Nc6 33. Rxd8 Nxd8 34. h6
g6 35. Qd3 Ne6 36. Qd7 Qxd7 37. Rxd7 Rd8 38. Rxd8+ Nxd8 39. Kc2 Kf8 40. Kd3 Ke7
41. Nd4 c5 42. Nf3 Ke6 43. Ke4 Nc6 44. b3 b6 45. Kf4 Nd4 46. Nxd4+ cxd4 47. Ke4
d3 48. Kxd3 Kxe5 49. b4 f5 50. gxf6 Kxf6 51. c5 bxc5 52. bxa5 Ke6 53. a6 Kd6
1-0

[Event "OHS 2012"]
[Site "Herne"]
[Date "2012.03.13"]
[Round "5"]
[White "Bauland, Thomas"]
[Black "Winterkamp, Sascha"]
[Result "1-0"]
[PlyCount "89"]
[WhiteElo "1935"]
[BlackElo "1953"]

1. Nc3 g6 2. e4 d6 3. d4 Bg7 4. Bc4 Nf6 5. Nge2 c6 6. a4 Nbd7 7. O-O O-O 8. f3
Qc7 9. Be3 e5 10. Qd2 exd4 11. Nxd4 Ne5 12. Bb3 a6 13. Nde2 Re8 14. Rad1 d5 15.
exd5 cxd5 16. Nxd5 Nxd5 17. Bxd5 Nc4 18. Bxc4 Qxc4 19. Nc3 Bf5 20. Nd5 Qxc2 21.
Qxc2 Bxc2 22. Rd2 Bxa4 23. Nc7 Rxe3 24. Nxa8 Bh6 25. Nb6 Bb5 26. Rd8+ Kg7 27.
Rfd1 Re2 28. Nd5 Rxb2 29. f4 Bc6 30. g3 Re2 31. h4 a5 32. Rd3 f6 33. Ra8 a4 34.
Kf1 Re4 35. Kf2 g5 36. hxg5 fxg5 37. f5 g4 38. Rc8 Re5 39. Rc7+ Kg8 40. Nf6+
Kf8 41. Rd8+ Be8 42. Nxh7+ Kg8 43. f6 Be3+ 44. Kg2 Bc5 45. f7+ 1-0

[Event "OHS 2012"]
[Site "Herne"]
[Date "2012.03.13"]
[Round "5"]
[White "Göldenboog, Jürgen"]
[Black "Sikorski, Thomas"]
[Result "1/2-1/2"]
[PlyCount "112"]
[WhiteElo "1883"]
[BlackElo "1716"]

1. d4 c6 2. c4 d6 3. e4 e5 4. dxe5 Qa5+ 5. Nc3 dxe5 6. Nf3 Nd7 7. Bd2 Qc7 8.
Qc2 Ngf6 9. Be2 Be7 10. O-O O-O 11. h3 Rd8 12. Be3 Nf8 13. c5 h6 14. Bc4 Be6
15. Ne2 Bxc4 16. Qxc4 Ng6 17. Ng3 Rd7 18. Nf5 Bf8 19. Rfd1 Rad8 20. Rxd7 Rxd7
21. b4 Qd8 22. g3 Rd1+ 23. Rxd1 Qxd1+ 24. Kg2 Qb1 $11 25. Nd2 Qd1 26. Qd3 Ne7
27. Nd6 Ng6 28. Nxb7 Nh5 29. Nd8 Nhf4+ 30. Bxf4 exf4 31. Nxc6 fxg3 32. fxg3 h5
33. Qe3 Qa4 34. Nd4 Qxb4 35. N2b3 Bxc5 36. Qg5 Bxd4 37. Qd8+ Kh7 38. Qxd4 Qe1
39. Nd2 h4 40. Qf2 Qxf2+ 41. Kxf2 hxg3+ 42. Kxg3 Kg8 $11 43. Nb3 Kf8 44. Nd4
Ne5 45. Kf4 f6 46. Nb5 a6 47. Nc7 a5 48. Ne6+ Kf7 49. Nd4 Ke7 50. Nf5+ Kf7 51.
Nd6+ Ke6 52. Nb7 Nc4 53. h4 g5+ 54. hxg5 fxg5+ 55. Kxg5 Ke5 56. Nxa5 Nxa5
1/2-1/2

[Event "?"]
[Site "?"]
[Date "2012.03.20"]
[Round "6.1"]
[White "Mancic, Ivan"]
[Black "Bauland, Thomas"]
[Result "1-0"]
[WhiteElo "1990"]
[BlackElo "1935"]
[WhiteTeam "SG Gladbeck 19/23"]
[BlackTeam "SK Varel"]

1. d4 Nf6 2. c4 e6 3. g3 d5 4. Nf3 Be7 5. Bg2 O-O 6. O-O b6 7. Qc2 Bb7 8. Nc3
Nbd7 9. cxd5 Nxd5 10. Nxd5 exd5 11. Bf4 c6 12. h4 Re8 13. Ng5 Nf6 14. Be5 h6
15. Bxf6 hxg5 16. Bxg5 Bxg5 17. hxg5 Qxg5 18. Bf3 g6 19. Kg2 Kg7 20. Rh1 Rh8
21. Qa4 a5 22. Qb3 b5 23. Qc3 a4 24. Qc5 Qf6 25. Qb6 Rxh1 26. Rxh1 Qe7 27. a3
Ra6 28. Qc5 Qxc5 29. dxc5 b4 30. axb4 a3 31. bxa3 Rxa3 32. Rb1 Ba6 33. Rb2 Bb5
34. e3 Kf6 35. Be2 Bxe2 36. Rxe2 Rb3 37. Ra2 Rxb4 38. Ra6 d4 39. Rxc6+ Ke5 40.
Rc7 dxe3 41. fxe3 f5 42. Rg7 Kf6 43. Rd7 Rc4 44. Rd6+ Ke5 45. Rxg6 Rxc5 46. Rg8
Rc4 47. Re8+ Kf6 48. Rd8 Rc1 49. Rd5 Ke6 50. Rb5 Kf6 51. Ra5 Ke6 52. Ra2 Ke5
53. Rf2 Re1 54. Kf3 Rg1 55. Re2 Rf1+ 56. Kg2 Rc1 57. Kf2 Ke4 58. Rd2 Rh1 59.
Rd4+ Ke5 60. Rf4 Rc1 61. Rb4 Ra1 62. g4 fxg4 63. Rxg4 Rb1 64. Rg8 Rb3 65. Kf3
Ra3 66. Rg5+ Kf6 67. Rb5 Ke6 68. Kf4 Ra1 69. Rb6+ Ke7 70. e4 Ra2 71. Kf5 Ra5+
72. e5 Ra7 73. Rh6 Ra1 74. Rh7+ Ke8 75. Kf6 Ra6+ 76. e6 Kd8 77. Rh8+ Kc7 78.
Kf7 Ra1 79. e7 Rf1+ 80. Kg6 Rg1+ 81. Kf5 Rf1+ 82. Kg4 1-0

[Event "?"]
[Site "?"]
[Date "2012.03.20"]
[Round "6.2"]
[White "Kiese, Matthias"]
[Black "Wolff, Christoph"]
[Result "1/2-1/2"]
[WhiteElo "2102"]
[BlackElo "1947"]
[PlyCount "51"]
[EventDate "2012.??.??"]
[WhiteTeam "Bochumer SV 02"]
[BlackTeam "SC Buer-Hassel"]

1. d4 Nf6 2. Nf3 g6 3. c4 Bg7 4. g3 c6 5. Bg2 d5 6. cxd5 cxd5 7. Nc3 O-O 8. Ne5
Qb6 9. O-O Nc6 10. Nxc6 Qxc6 11. Bg5 e6 12. Qd2 Bd7 13. Bh6 Qb6 14. Bxg7 Kxg7
15. Rfc1 Rfc8 16. e3 Qb4 17. Ne4 Qxd2 18. Nxd2 Ne8 19. Bf1 Nd6 20. h4 Kf8 21.
Bd3 Bb5 22. Bxb5 Nxb5 23. Kf1 Ke7 24. Ke2 Kd7 25. Kd3 Nd6 26. b3 1/2-1/2

[Event "?"]
[Site "?"]
[Date "2012.03.20"]
[Round "6.3"]
[White "Winterkamp, Sascha"]
[Black "Kolakovic, Klaudio"]
[Result "1/2-1/2"]
[WhiteElo "1953"]
[BlackElo "1991"]
[WhiteTeam "SG Höntrop 1947"]
[BlackTeam "Südloner SV"]

1. d4 Nf6 2. Nf3 d6 3. c3 Nbd7 4. Nbd2 g6 5. e3 Bg7 6. Bd3 O-O 7. Qc2 e5 8. O-O
Re8 9. b4 Qe7 10. e4 Nh5 11. Nc4 Nb6 12. Bg5 f6 13. Be3 d5 14. Nxb6 axb6 15.
dxe5 dxe4 16. Bxe4 fxe5 17. Bd5+ Kh8 18. Bg5 Bf6 19. Bxf6+ Qxf6 20. Be4 Bf5 21.
Rfe1 Re7 22. c4 Rae8 23. Qc3 Bxe4 24. Rxe4 Kg7 25. Rae1 Nf4 26. g3 Nh3+ 27. Kg2
Ng5 28. Nxg5 Qxg5 29. f4 Qf6 30. Rxe5 Kf8 31. c5 b5 32. Qe3 Rxe5 33. fxe5 Qe6
34. Re2 Qd5+ 35. Qf3+ Qxf3+ 36. Kxf3 Ke7 37. Ke4 Rd8 38. h4 Rd1 39. a3 Ra1 40.
Re3 Rc1 41. Kf4 h6 1/2-1/2

[Event "?"]
[Site "?"]
[Date "2012.03.20"]
[Round "6.4"]
[White "Ribbeheger, Edgar"]
[Black "Bartel, Mario"]
[Result "1-0"]
[WhiteElo "1947"]
[BlackElo "2096"]
[WhiteTeam "SK Sodingen 24"]
[BlackTeam "SV Wattenscheid 30"]

1. d4 Nf6 2. c4 g6 3. Nc3 Bg7 4. e4 O-O 5. Nf3 d6 6. Be2 Nbd7 7. O-O c6 8. h3
e5 9. dxe5 dxe5 10. Be3 Qc7 11. Qc2 b6 12. c5 Bb7 13. Nd2 Rfe8 14. Rfd1 Bf8 15.
Nb3 b5 16. a4 b4 17. Nb1 a5 18. N1d2 Be7 19. Nc4 Nf8 20. Rd2 Bc8 21. Rad1 Be6
22. Nd6 Red8 23. Bc4 Rd7 24. Bxe6 Nxe6 25. Qc4 Kg7 26. f3 Bf8 27. Kh2 Ra7 28.
Ne8+ Nxe8 29. Rxd7 Qb8 30. Rxa7 Qxa7 31. Qc1 Kg8 32. Qc4 Nf6 33. Rd2 Kg7 34.
Qe2 h6 35. Rc2 g5 36. g4 Be7 37. Nd2 Nd7 38. Nf1 Nd4 39. Bxd4 exd4 40. Ng3 Bxc5
41. Nf5+ Kf6 42. Qc4 Qc7+ 43. Kg2 Qf4 44. Rf2 Kg6 45. h4 gxh4 46. Nxh4+ Kf6 47.
Nf5 h5 48. gxh5 Qg5+ 49. Kf1 d3 50. Qxd3 Bxf2 51. Qd6# 1-0

[Event "?"]
[Site "?"]
[Date "2012.03.20"]
[Round "6.5"]
[White "Löffelbein, Klaus"]
[Black "Trzaska, Peter"]
[Result "1/2-1/2"]
[WhiteElo "1840"]
[BlackElo "2081"]
[PlyCount "89"]
[EventDate "2012.??.??"]
[WhiteTeam "SC Gerthe 46 - Werne"]
[BlackTeam "SK Sodingen 24"]

1. e4 d5 2. exd5 Nf6 3. d4 Nxd5 4. c4 Nb6 5. Nc3 e5 6. dxe5 Qxd1+ 7. Nxd1 Nc6
8. Ne3 Nxe5 9. Bd2 Be6 10. b3 O-O-O 11. O-O-O Ba3+ 12. Kc2 Ng4 13. Nxg4 Bxg4
14. Be2 Bf5+ 15. Kc3 Rhe8 16. Be3 Rxd1 17. Bxd1 Nd7 18. Bc2 Bxc2 19. Kxc2 Bc5
20. Nf3 Bxe3 21. Re1 Nc5 22. Rxe3 Rxe3 23. fxe3 Kd7 24. b4 Ne6 25. Kd3 c5 26.
a3 Kd6 27. g3 f6 28. b5 Nd8 29. Nd2 b6 30. Ke4 Ke6 31. a4 Nb7 32. Nb3 Nd6+ 33.
Kd3 Nf7 34. a5 Ne5+ 35. Kc3 h5 36. a6 Kd6 37. h3 f5 38. Nc1 g5 39. Ne2 Ng6 40.
Kb3 Ke5 41. Nc3 Ne7 42. Kc2 Nc8 43. Kd3 Ne7 44. Na4 Nc8 45. Nc3 1/2-1/2

[Event "?"]
[Site "?"]
[Date "2012.03.20"]
[Round "6.6"]
[White "Nebel, Uwe"]
[Black "Radi, Günter"]
[Result "0-1"]
[WhiteElo "1852"]
[BlackElo "1934"]
[PlyCount "74"]
[EventDate "2012.??.??"]
[WhiteTeam "SG Drewer 54"]
[BlackTeam "SV Günnigfeld 1924"]

1. e4 c5 2. Nf3 d6 3. d4 cxd4 4. Nxd4 Nf6 5. Nc3 a6 6. Bg5 e6 7. f4 Qb6 8. Qd2
Qxb2 9. Rb1 Qa3 10. f5 Be7 11. Be2 h6 12. Bxf6 Bxf6 13. fxe6 fxe6 14. Bh5+ Kd8
15. Bf3 Qc5 16. Rd1 Bxd4 17. Qxd4 Qxd4 18. Rxd4 Ke7 19. O-O Nc6 20. Rd2 Ne5 21.
Be2 b5 22. Rfd1 Rd8 23. Bf1 Bb7 24. Bd3 Rac8 25. Ne2 Nc4 26. Bxc4 Rxc4 27. Ng3
Bxe4 28. Nxe4 Rxe4 29. Rf2 e5 30. Rdf1 Ke6 31. Rf7 Rg8 32. R7f3 Ra4 33. a3 Rc4
34. R1f2 Rgc8 35. Rf7 R8c7 36. Rxc7 Rxc7 37. Kf1 Rc3 0-1

[Event "?"]
[Site "?"]
[Date "2012.03.20"]
[Round "6.7"]
[White "Wickenfeld, Stefan"]
[Black "Maczkowiak, Thomas"]
[Result "1-0"]
[WhiteElo "2088"]
[BlackElo "1833"]
[PlyCount "59"]
[EventDate "2012.??.??"]
[WhiteTeam "SK Sodingen 24"]
[BlackTeam "SG Ennepe-Ruhr Süd"]

1. e4 c6 2. d4 d5 3. f3 e6 4. Nc3 Nf6 5. Bd3 dxe4 6. Bxe4 Nxe4 7. fxe4 Bb4 8.
Nf3 O-O 9. O-O c5 10. d5 Bxc3 11. bxc3 exd5 12. exd5 Bg4 13. Qd3 Qb6 14. c4 Qg6
15. Ne5 Qxd3 16. cxd3 Bh5 17. Bb2 f6 18. g4 Bg6 19. Nxg6 hxg6 20. Rae1 Kf7 21.
g5 Nd7 22. Re6 Rfe8 23. Rfe1 Nf8 24. Rxe8 Rxe8 25. Rxe8 Kxe8 26. gxf6 gxf6 27.
Bxf6 Kd7 28. Bg7 Nh7 29. h4 g5 30. h5 1-0

[Event "?"]
[Site "?"]
[Date "2012.03.20"]
[Round "6.9"]
[White "Patzer, Jörg"]
[Black "Göldenboog, Jürgen"]
[Result "1/2-1/2"]
[WhiteElo "1948"]
[BlackElo "1883"]
[WhiteTeam "SV Horst-Emscher 31"]
[BlackTeam "SV Horst-Emscher 31"]

1. g3 Nf6 2. Bg2 d5 3. d4 g6 4. Nf3 Bg7 5. O-O O-O 6. Nbd2 b6 7. c4 Bb7 8. cxd5
Bxd5 9. Qc2 Bxf3 10. Nxf3 Nd5 11. e4 Nb4 12. Qc4 a5 13. Bf4 Ra7 14. Rfd1 e6 15.
Rac1 N4a6 16. Rd2 Qe7 17. a3 c5 18. dxc5 Qxc5 19. Qf1 Qh5 20. Ng5 Bh6 21. Bf3
Qxg5 22. Bxg5 Bxg5 23. Rcd1 Bxd2 24. Rxd2 Nc5 25. Qb5 Nbd7 26. Kg2 a4 27. Bd1
Rc8 28. Bc2 Ra5 29. Qe2 Nf6 30. Qd1 Raa8 31. f3 Kg7 32. h4 e5 33. Rd6 b5 34. g4
Ne6 35. Rxe6 fxe6 36. Bd3 Rc5 37. Qe2 Rac8 38. Kg3 Rb8 39. Qe3 Nd7 40. Qg5 Nf6
41. Qe3 1/2-1/2

[Event "?"]
[Site "?"]
[Date "2012.03.20"]
[Round "6.10"]
[White "Jaring, Thorsten"]
[Black "Scheibe, Werner"]
[Result "1/2-1/2"]
[WhiteElo "1935"]
[BlackElo "1815"]
[PlyCount "34"]
[EventDate "2012.??.??"]
[WhiteTeam "RSG Läufer RE-Ost"]
[BlackTeam "SK Sodingen 24"]

1. e4 e6 2. d4 d5 3. Nd2 Nf6 4. e5 Nfd7 5. Ngf3 c5 6. c3 Nc6 7. Bd3 Qb6 8. Qb3
c4 9. Qxb6 axb6 10. Bc2 b5 11. a3 b4 12. O-O b5 13. Rb1 b3 14. Bd1 Be7 15. Ne1
O-O 16. f4 f6 17. Bg4 f5 1/2-1/2

[Event "?"]
[Site "?"]
[Date "2012.03.20"]
[Round "6.11"]
[White "Wenzel, Martin"]
[Black "Schmidt, Ralph"]
[Result "0-1"]
[WhiteElo "1813"]
[BlackElo "1930"]
[WhiteTeam "SF Buer 21/74"]
[BlackTeam "SV BO-Linden"]

1. e4 e5 2. Nf3 Nc6 3. d4 exd4 4. Nxd4 Bc5 5. Be3 Bb6 6. Nc3 d6 7. Qd2 Bd7 8.
Nd5 Nf6 9. Nxb6 axb6 10. f3 d5 11. Nxc6 Bxc6 12. e5 Nd7 13. Bd4 Qe7 14. f4 f6
15. O-O-O fxe5 16. Bxe5 Nxe5 17. Re1 O-O 18. Rxe5 Qf7 19. a3 Qxf4 20. Qxf4 Rxf4
21. Bd3 Re8 22. Rxe8+ Bxe8 23. Re1 Kf8 24. Re5 Bf7 25. Rf5 Rh4 26. h3 Ke7 27.
Bf1 Ke6 28. g4 h5 29. Rg5 hxg4 30. hxg4 g6 0-1

[Event "?"]
[Site "?"]
[Date "2012.03.20"]
[Round "6.12"]
[White "Wiechen, Ulrich"]
[Black "Sikorski, Thomas"]
[Result "1-0"]
[WhiteElo "1903"]
[BlackElo "1716"]
[WhiteTeam "SC Buer-Hassel"]
[BlackTeam "SK Sodingen 24"]

1. e4 c6 2. d4 d6 3. Nc3 Nd7 4. f4 e5 5. Nf3 exf4 6. Bxf4 Be7 7. Bc4 Ngf6 8.
O-O O-O 9. a4 a5 10. Kh1 Nb6 11. Bd3 Bg4 12. Qe1 Bxf3 13. Rxf3 Nh5 14. Be3 Bg5
15. g4 Bxe3 16. Qxe3 Nf6 17. Qf4 Qe7 18. Rh3 Qe6 19. e5 dxe5 20. dxe5 Nbd5 21.
Qf3 Qxe5 22. Nxd5 Qxd5 23. Qxd5 cxd5 24. Rf1 Rae8 25. Rf4 Re1+ 26. Kg2 Rfe8 27.
Rd4 h6 28. Rf3 R1e5 29. Bb5 Re4 30. Rxe4 Rxe4 31. h3 Rb4 32. b3 Rd4 33. Rc3
Rd2+ 34. Kf3 Rh2 35. Rc8+ Kh7 36. Kg3 Rd2 37. Bd3+ Ne4+ 38. Kf4 g6 39. Bxe4
dxe4 40. Kxe4 Re2+ 41. Kf3 Re7 42. c4 Kg7 43. c5 g5 44. Ra8 Re5 45. Rxa5 b6 46.
cxb6 1-0

[Event "?"]
[Site "?"]
[Date "2012.03.20"]
[Round "6.13"]
[White "Gorzinski, Dariusz"]
[Black "Pohl, Martin"]
[Result "1-0"]
[WhiteElo "1890"]
[BlackElo "1687"]
[PlyCount "23"]
[EventDate "2012.??.??"]
[WhiteTeam "SC Schalksmühle 59"]
[BlackTeam "SV Unser Fritz W-E"]

1. e4 f5 2. exf5 d5 3. Qh5+ g6 4. fxg6 Nf6 5. g7+ Nxh5 6. gxh8=Q Bf5 7. d4 Nc6
8. Bh6 Kd7 9. Qxf8 Qxf8 10. Bxf8 Nxd4 11. Na3 Rxf8 12. O-O-O 1-0

[Event "?"]
[Site "?"]
[Date "2012.03.20"]
[Round "6.15"]
[White "Schäfer, Michael"]
[Black "Melmer, Felix"]
[Result "1/2-1/2"]
[WhiteElo "1599"]
[BlackElo "1949"]
[PlyCount "84"]
[EventDate "2012.??.??"]
[WhiteTeam "SF Essen-Überruhr"]
[BlackTeam "SC Gerthe 46 - Werne"]

1. Nf3 d5 2. c4 c6 3. d4 f5 4. g3 Nf6 5. Bg2 e6 6. Bg5 h6 7. Bf4 Bd6 8. Bxd6
Qxd6 9. c5 Qe7 10. Ne5 Qc7 11. O-O Nbd7 12. f4 Nxe5 13. fxe5 Nd7 14. Nc3 O-O
15. b4 b6 16. e3 a5 17. a3 Ra7 18. Qc2 Ba6 19. Rfc1 Rfa8 20. cxb6 Nxb6 21. bxa5
Nc4 22. Na4 Qxa5 23. Nc5 Nxa3 24. Qb2 Bc8 25. Bf1 Qc7 26. Qc3 Kf7 27. Be2 Nb5
28. Bxb5 Rxa1 29. Rxa1 Rxa1+ 30. Qxa1 cxb5 31. Qa3 Bd7 32. Kf2 Be8 33. Ke2 Qb6
34. Qb4 Kg6 35. Nd3 Qc6 36. Qc5 Qxc5 37. dxc5 Kf7 38. Nb4 Ke7 39. Kd3 Kd8 40.
Kc3 Kc7 41. Nc2 Kb7 42. Nd4 Bd7 1/2-1/2